[Event "Moscow-ch"]
[Site "Moscow"]
[Date "1997.??.??"]
[Round "2"]
[White "Dvalishvili, Pavel S"]
[Black "Gorelov, Sergey G"]
[Result "1/2-1/2"]
[WhiteElo "2370"]
[BlackElo "2480"]

1.e4 c5 2.Nf3 Nc6 3.Bb5 d6 4.O-O Bd7 5.Re1 Nf6 6.c3 a6 7.Bf1 e5 8.d4 Be7
9.dxc5 dxc5 10.Bg5 Ng4 11.Bxe7 Qxe7 12.Nbd2 Rd8 13.Qc2 Be6 14.h3 Nf6 15.Nc4 Qc7
16.Ng5 Bc8 17.Ne3 h6 18.Nf3 O-O  1/2-1/2

[Event "Moscow-2 "]
[Site "Moscow"]
[Date "1997.??.??"]
[Round "2"]
[White "Odeev, Handszar"]
[Black "Kochetkov, German"]
[Result "0-1"]
[WhiteElo "2420"]
[BlackElo "2350"]

1.e4 c5 2.Nf3 Nc6 3.Bb5 d6 4.O-O Bd7 5.Re1 a6 6.Bxc6 Bxc6 7.c3 Nf6 8.d4 Bxe4
9.Bg5 Bc6 10.Bxf6 gxf6 11.d5 Bd7 12.Nbd2 Qc7 13.a4 e5 14.Nh4 Be7 15.Qh5 O-O-O
16.Qxf7 Rde8 17.Nc4 Kb8 18.Ne3 Qc8 19.b4 Rhf8 20.Qxh7 Rh8 21.Qe4  0-1

[Event "Moscow-1"]
[Site "Moscow"]
[Date "1997.??.??"]
[Round "3"]
[White "Komliakov, Viktor"]
[Black "Rakhimov, Zinnour K"]
[Result "1-0"]
[WhiteElo "2460"]
[BlackElo "2290"]

1.e4 c5 2.Nf3 Nc6 3.Bb5 g6 4.Bxc6 bxc6 5.O-O Bg7 6.Re1 Nf6 7.e5 Nd5 8.c4 Nc7
9.d4 cxd4 10.Qxd4 O-O 11.Qh4 Ne6 12.Bh6 Rb8 13.b3 d5 14.Nc3 f6 15.Bxg7 Kxg7
16.cxd5 cxd5 17.Rad1 Nc7 18.exf6+ exf6 19.Qd4 Rb7 20.h3 Be6 21.Na4 Bf7 22.Nc5 Rb6
23.a4 a5 24.Qc3 Na6 25.Nd4 Qc8 26.Rc1 Nxc5 27.Qxc5 Qa6 28.Re7 Kg8 29.Rc3 Ra8
30.Qc7 Rf8 31.Qc5 Ra8 32.h4 Rb7 33.Ree3 Qa7 34.Qxa7 Rbxa7 35.Kf1 Rb7 36.Ke2 Kg7
37.Rc5 Rb4 38.Kd3 h5 39.Re7 Kg8 40.Rcc7 Rf8 41.Ra7 g5 42.hxg5 Bg6+ 43.Ke3 Rb6
44.Rg7+  1-0

[Event "Moscow-ch"]
[Site "Moscow"]
[Date "1997.??.??"]
[Round "6"]
[White "Bitman, Alexander R"]
[Black "Gorbatow, Alexej"]
[Result "0-1"]
[WhiteElo "2250"]
[BlackElo "2420"]

1.e4 c5 2.Nf3 Nc6 3.Bb5 Na5 4.O-O a6 5.Be2 b5 6.a4 b4 7.d4 e6 8.Bg5 Be7 9.Bxe7 Qxe7
10.d5 Nf6 11.d6 Qd8 12.e5 Nd5 13.Nbd2 Bb7 14.Nb3 Rc8 15.Nxa5 Qxa5 16.Nd2 O-O
17.Nc4 Qd8 18.f4 Qh4 19.Bf3 Rb8 20.g3 Qh3 21.Qd2 f6 22.Rae1 Kh8 23.f5 fxe5
24.Bg2 Qh5 25.Rxe5 Qg4 26.Re4 Qh5 27.fxe6 Rxf1+ 28.Bxf1 dxe6 29.Rxe6 Nf6
30.Bg2 Bxg2 31.Kxg2 Rf8 32.h3 h6 33.b3 Ne4 34.Rxe4 Qf3+ 35.Kh2 Qxe4 36.h4 Qf5
37.Qe2 Kg8 38.Kg2 Qd5+ 39.Kh3 Qh1+ 40.Qh2 Rf1 41.Qxh1 Rxh1+ 42.Kg4 Rf1 43.d7 Rd1
44.Ne5 Kf8 45.Nd3 Ke7 46.Nxc5 a5 47.Nb7 Kxd7 48.Nxa5 Rd2 49.Nc4 Rxc2 50.Ne5+ Kd6
51.Nd3 Rd2 52.Nf4 Rb2 53.Nh5 g6 54.Nf4 Rxb3 55.Nxg6 Rc3  0-1

[Event "NRW-Cup Masters op"]
[Site "Muenster"]
[Date "1997.??.??"]
[Round "4"]
[White "Glek, Igor V"]
[Black "Kalinitschew, Sergey"]
[Result "0-1"]
[WhiteElo "2505"]
[BlackElo "2525"]

1.e4 c5 2.Nf3 Nc6 3.Bb5 e6 4.O-O Nge7 5.c3 d5 6.exd5 Qxd5 7.Qe2 Nf5 8.Rd1 Bd7
9.Na3 Rc8 10.Nc4 Nd6 11.Ne3 Qh5 12.Bd3 Be7 13.Qf1 O-O 14.Be2 Qg6 15.d4 cxd4
16.cxd4 Nf5 17.Nc4 f6 18.a3 Rfd8 19.b4 Be8 20.Bb2 b5 21.Ne3 Nxe3 22.fxe3 a6
23.Bd3 Qh5 24.e4 Bf7 25.h3 g5 26.Rac1 g4 27.hxg4 Qxg4 28.Bb1 Qf4 29.Qe1 Bd6
30.e5 fxe5 31.dxe5 Be7 32.Rxd8+ Bxd8 33.Qe4 Bb6+ 34.Kf1 Qh6 35.Ke2 Bg6 36.Rxc6 Bxe4
37.Rxc8+ Kg7 38.Bxe4 Qe3+ 39.Kd1 Qxe4 40.Rc2 Be3 41.Rc3 Qb1+ 42.Bc1 Bxc1
43.Rxc1 Qd3+ 44.Ke1 Qxa3 45.Rc7+ Kg6 46.Kf2 Qxb4 47.Rc6 Kf5 48.Rxa6 Kf4 49.Rd6 Qc5+
50.Rd4+ Kf5 51.Kg3 b4 52.Rh4 Kg6 53.Rg4+ Kf7 54.Rf4+ Ke7 55.Nd4 Qd5 56.Nf3 Qc5
57.Nd4 Qb6 58.Nb3 Qe3+ 59.Rf3 Qxe5+ 60.Kh3 h5 61.Nd2 Qe1 62.Nf1 b3  0-1

[Event "MCC-ch"]
[Site "New York"]
[Date "1997.??.??"]
[Round "2"]
[White "Robovic, Saudin"]
[Black "Stripunsky, Alexander"]
[Result "0-1"]
[WhiteElo "2355"]
[BlackElo "2455"]

1.e4 c5 2.Nf3 Nc6 3.Bb5 d6 4.O-O Bd7 5.Re1 Nf6 6.c3 a6 7.Bf1 Bg4 8.h3 Bh5
9.g4 Bg6 10.d3 e6 11.Nbd2 Be7 12.a3 Nd7 13.d4 cxd4 14.cxd4 d5 15.exd5 exd5
16.Nb1 Nf8 17.Ne5 Bxb1 18.Rxb1 Ng6 19.Nxg6 hxg6 20.Bg2 O-O 21.Qb3 Bf6 22.Qxd5 Qc7
23.Be3 Rad8 24.Qc5 Bxd4 25.Bxd4 Rxd4 26.Rbd1 Rxd1 27.Rxd1 Re8 28.b4 Qf4 29.Qc1 Qf6
30.g5 Qf5 31.Rd5 Qe6 32.Qd2 Kh7 33.Rd7 Ne5 34.Rxb7 Qf5 35.Qe3 Qb1+ 36.Bf1 Qa2
37.Rc7 Qd5 38.Be2 Qd6 39.Qc1 Re6 40.Rc8 Qd4 41.Qc3 Qd7 42.Qc7  0-1

[Event "Newport Masters"]
[Site "Newport"]
[Date "1997.??.??"]
[Round "2"]
[White "Ansell, Simon"]
[Black "Wall, Tim"]
[Result "0-1"]
[WhiteElo "2390"]
[BlackElo "2375"]

1.e4 c5 2.Nf3 Nc6 3.Bb5 g6 4.O-O Bg7 5.Bxc6 bxc6 6.d3 d6 7.h3 e5 8.a3 Ne7
9.b4 cxb4 10.axb4 O-O 11.Be3 Qc7 12.d4 f6 13.Qe2 Kh8 14.Nc3 a5 15.Qc4 Qd8
16.Rxa5 Rxa5 17.bxa5 Qxa5 18.Rb1 d5 19.exd5 cxd5 20.Qb4 Qxb4 21.Rxb4 e4 22.Nd2 f5
23.Ne2 Bf6 24.Rb6 g5 25.g3 Kg7 26.c4 dxc4 27.Nxc4 Nd5 28.Rd6 Rd8 29.Rxd8 Bxd8
30.Ne5 Ba6 31.Nc1 f4 32.gxf4 gxf4 33.Bd2 Bh4 34.Nb3 e3 35.fxe3 fxe3 36.Ba5 Nf4
37.Nc5 Bc8 38.Nf3 Bf2+ 39.Kh2 Bxh3 40.Bc7 Bg4 41.Bxf4 Bxf3 42.Bg3 Kf6 43.Nd3 Bxg3+
44.Kxg3 Be4 45.Nf4 Kf5 46.Ne2 h5 47.Nc3 Bh1 48.Ne2 Kg5 49.Nc3 h4+ 50.Kh2 Bf3
51.Kg1 h3  0-1

[Event "JUG-chT"]
[Site "Niksic"]
[Date "1997.??.??"]
[Round "6"]
[White "Vujosevic, Vladimir"]
[Black "Zakic, Srdjan"]
[Result "1/2-1/2"]
[WhiteElo "2430"]
[BlackElo "2360"]

1.e4 c5 2.Nf3 Nc6 3.Bb5 g6 4.O-O Bg7 5.c3 Nf6 6.Re1 O-O 7.h3 e5 8.d3 d6 9.a3 a6
10.Bxc6 bxc6 11.b4 cxb4 12.axb4 a5 13.Be3 Be6 14.Nbd2 axb4 15.cxb4  1/2-1/2

[Event "JUG-chT"]
[Site "Niksic"]
[Date "1997.??.??"]
[Round "7"]
[White "Matulovic, Milan"]
[Black "Cabrilo, Goran"]
[Result "1/2-1/2"]
[WhiteElo "2445"]
[BlackElo "2485"]

1.e4 c5 2.Nf3 Nc6 3.Bb5 g6 4.O-O Bg7 5.Bxc6 dxc6 6.h3 e5 7.d3 b6 8.a4 a5
9.Na3 Ne7 10.Nc4 f6 11.Nh2  1/2-1/2

[Event "JUG-chT"]
[Site "Niksic"]
[Date "1997.??.??"]
[Round "7"]
[White "Rublevsky, Sergei"]
[Black "Ivanovic, Bozidar"]
[Result "1-0"]
[WhiteElo "2650"]
[BlackElo "2500"]

1.e4 c5 2.Nf3 Nc6 3.Bb5 g6 4.Bxc6 dxc6 5.d3 Bg7 6.h3 Nf6 7.Nc3 O-O 8.Be3 Nd7
9.Qd2 Qb6 10.Rb1 Qc7 11.Bh6 e5 12.Bxg7 Kxg7 13.Nh2 Nf6 14.O-O Be6 15.f4 exf4
16.Rxf4 Nh5 17.Rf3 Qe5 18.Rbf1 Kg8 19.R3f2 Rad8 20.Qe3 b6 21.Nf3 Qc7 22.e5 Ng3
23.Re1 Nf5 24.Qg5 Bd5 25.Nh2 h6 26.Qd2 Qe7 27.Ng4 Qg5 28.Rf4 Kg7 29.Qf2 Rfe8
30.Ne4 Bxe4 31.dxe4 h5 32.exf5 hxg4 33.Rxg4 Qd2 34.Qh4 Rd6  1-0

[Event "JUG-chT"]
[Site "Niksic"]
[Date "1997.??.??"]
[Round "7"]
[White "Tseshkovsky, Vitaly"]
[Black "Komarov, Dimitri"]
[Result "1-0"]
[WhiteElo "2500"]
[BlackElo "2600"]

1.e4 c5 2.Nf3 Nc6 3.Bb5 e6 4.Bxc6 bxc6 5.d3 Qe7 6.e5 f6 7.Bf4 fxe5 8.Nxe5 d6
9.Qh5+ g6 10.Nxg6 Qf7 11.Qf3 Qxg6 12.Qxc6+ Kd8 13.Qxa8 Qf6 14.Bc1 d5 15.Qb8 e5
16.Nc3 Bd6 17.Qa8 Ne7 18.Be3  1-0

[Event "JUG-chT"]
[Site "Niksic"]
[Date "1997.??.??"]
[Round "9"]
[White "Tseshkovsky, Vitaly"]
[Black "Ivanovic, Bozidar"]
[Result "1/2-1/2"]
[WhiteElo "2500"]
[BlackElo "2500"]

1.e4 c5 2.Nf3 Nc6 3.Bb5 g6 4.Bxc6 dxc6 5.d3 Bg4 6.Nbd2 Bg7 7.h3 Bxf3 8.Nxf3 e5
9.Be3 Qe7 10.Qd2 Nf6 11.Qc3 Nd7 12.a4 f5 13.Qb3 Rb8 14.a5 f4 15.Bd2 Bf6 16.h4 Qf7
17.Qxf7+ Kxf7 18.g3 fxg3 19.fxg3 h6 20.Ke2 Ke6 21.h5 g5 22.Nh2 Bg7 23.Ng4 Rhf8
24.Be3 Rf7 25.Bf2 Bf8 26.Ne3 Nf6 27.Nf5 Rd8 28.Ra4 Ra8 29.Ke3 Nd7 30.Rha1 Nb8
31.Rc4 Na6 32.Ke2 Rd7 33.Ne3 Rf7 34.Ng4 Rd8 35.Be3 Ra8 36.Rf1 Rxf1 37.Kxf1 b5
38.axb6 axb6 39.Ra4 b5 40.Ra1 Nc7 41.Rxa8 Nxa8 42.Bd2 Nb6 43.Ba5 Nd7 44.Bd8 Bg7
45.Ke2 Bf6 46.Bc7 Be7 47.Kf3 Bf8 48.Bd8 Bg7 49.Ne3 Bf8 50.Nf5 Nb8 51.Ba5 Nd7
52.Be1 Nf6 53.g4 Ne8 54.Bf2 Nc7 55.c3 Na6 56.Bg3 Nb8 57.d4 cxd4 58.cxd4 Nd7
59.Ke2 Kf6 60.Kd3 exd4 61.Nxd4 Ne5+ 62.Bxe5+ Kxe5 63.Nxc6+ Kf4 64.e5 Kxg4
65.e6 Kxh5 66.e7 Bxe7 67.Nxe7 Kg4 68.Ke2 h5 69.Kf2 Kf4 70.Nd5+ Ke4 71.Nc3+  1/2-1/2

[Event "JUG-chT"]
[Site "Niksic"]
[Date "1997.??.??"]
[Round "10"]
[White "Ivanovic, Bozidar"]
[Black "Komarov, Dimitri"]
[Result "1/2-1/2"]
[WhiteElo "2500"]
[BlackElo "2600"]

1.e4 c5 2.Nf3 Nc6 3.Bb5 e6 4.O-O Nge7 5.b3 b6 6.Bb2 Bb7 7.Re1 Ng6 8.a4 f6
9.Bxc6 Bxc6 10.d4 cxd4 11.Nxd4 Bb4 12.Bc3 Bc5 13.Nxc6 dxc6 14.Qxd8+ Rxd8
15.Nd2 e5 16.Nf3 Nf4 17.Kf1 Ke7 18.Red1 Rxd1+ 19.Rxd1 Rd8 20.Rxd8 Kxd8 21.Ne1 b5
22.g3 Ne6 23.Nd3 Bd4 24.Ba5+ Kd7 25.Ke2 Nc5 26.Nxc5+ Bxc5 27.f3 a6  1/2-1/2

[Event "JUG-chT"]
[Site "Niksic"]
[Date "1997.??.??"]
[Round "11"]
[White "Ristic, Nenad"]
[Black "Bakic, Rados"]
[Result "1/2-1/2"]
[WhiteElo "2420"]
[BlackElo "2445"]

1.e4 c5 2.Nf3 Nc6 3.Bb5 Nf6 4.Nc3 e5 5.Bxc6 dxc6 6.Nxe5 Nxe4 7.Nxe4 Qd5 8.Qe2 Qxe5
9.f4 Qxf4 10.d4 Qh4+ 11.g3 Qe7 12.Bg5 Qe6 13.O-O cxd4 14.Rae1 Kd7 15.Qf2 Kc7
16.Qxd4 b6 17.Nd6 Bxd6 18.Rxe6 Bxe6 19.Bf4 Bxf4 20.Qxf4+ Kb7 21.Qg5 Rad8
22.Qxg7 h5 23.Qf6 Rhg8 24.Re1 Rd7 25.Re2 Rg4 26.Kf2 Rg6 27.Qh8 Bc4 28.Re8 Rd2+
29.Ke3 Rxc2 30.h3 Re6+ 31.Rxe6 Bxe6 32.a3 Bxh3 33.Qh7 Rc5 34.Qxf7+ Ka6 35.Qf6 Bd7
36.b4 Rd5 37.a4 Kb7 38.Qf7 Re5+ 39.Kd4 Rd5+ 40.Ke4 Kc7 41.b5 Rc5 42.Qf4+ Kc8
43.Qf8+ Kc7 44.Qa8 Rc4+ 45.Ke5 Rxa4 46.Qf8 Ra5 47.Qd6+ Kc8 48.Qf8+ Kc7 49.Qd6+ Kc8  1/2-1/2

[Event "Nova Gorica op"]
[Site "Nova Gorica"]
[Date "1997.??.??"]
[Round "7"]
[White "Sedina, Elena"]
[Black "Horvath, Peter"]
[Result "1-0"]
[WhiteElo "2400"]
[BlackElo "2415"]

1.e4 c5 2.Nf3 Nc6 3.Bb5 a6 4.Bxc6 dxc6 5.d3 Bg4 6.h3 Bh5 7.g4 Bg6 8.h4 f6
9.h5 Bf7 10.Nc3 Qc7 11.Be3 e5 12.Qe2 O-O-O 13.Nh4 g6 14.O-O-O b5 15.hxg6 hxg6
16.g5 Qa5 17.f4 b4 18.Nb1 Qxa2 19.f5 Qa1 20.b3 a5 21.Qg4 gxf5 22.Qxf5+ Kb7
23.g6 Be8 24.Qg4 Bd7 25.g7 Rxh4 26.Qxh4 Be7 27.Qf2 Kb6 28.c3  1-0

[Event "Nova Gorica op"]
[Site "Nova Gorica"]
[Date "1997.??.??"]
[Round "9"]
[White "Grosar, Aljosa"]
[Black "Horvath, Peter"]
[Result "1-0"]
[WhiteElo "2495"]
[BlackElo "2415"]

1.e4 c5 2.Nf3 Nc6 3.Bb5 a6 4.Bxc6 dxc6 5.h3 e5 6.d3 Qc7 7.Be3 f6 8.a4 a5
9.Nbd2 Be6 10.O-O g5 11.Bxg5 fxg5 12.Nxg5 Bf7 13.Nxf7 Qxf7 14.Nc4 O-O-O 15.Nxe5 Qc7
16.Nc4 Nf6 17.f4 h5 18.Qe1 b6 19.Ra3 b5 20.axb5 cxb5 21.Nxa5 c4 22.b4 Qd6
23.Qa1 Qb6+ 24.Kh1 Bxb4 25.Nxc4 bxc4 26.Ra6 Qd4 27.Rc6+ Kb8 28.Qa6 Rd7 29.Ra1 Qa7
30.Rb6+ Ka8 31.Rxb4  1-0

[Event "RUS-Cup9"]
[Site "Novgorod"]
[Date "1997.??.??"]
[Round "5"]
[White "Dubinsky, Roman"]
[Black "Evseev, Denis"]
[Result "0-1"]
[WhiteElo "2295"]
[BlackElo "2370"]

1.e4 c5 2.Nf3 Nc6 3.Bb5 e6 4.O-O Nge7 5.b3 Nd4 6.Nxd4 cxd4 7.Bb2 a6 8.Be2 Nc6
9.c3 Bc5 10.b4 Ba7 11.a4 d5 12.b5 dxe4 13.bxc6 d3 14.cxb7 Bxb7 15.Bg4 O-O
16.c4 f5 17.Bh3 Qh4 18.Qb3 Bc6 19.Be5 g5 20.Qb4 Rae8 21.Qa5 Rf7 22.Qxa6 Ba8
23.Nc3 g4 24.Nb5 f4 25.Nd6 gxh3 26.Nxf7 Bc5 27.g3 Qh5 28.Rae1 Qf3 29.Nh6+ Kf8
30.Bd6+ Kg7 31.Be5+ Kg6  0-1

[Event "RUS-Cup9"]
[Site "Novgorod"]
[Date "1997.??.??"]
[Round "6"]
[White "Dolmatov, Sergey"]
[Black "Galliamova, Alisa"]
[Result "1-0"]
[WhiteElo "2560"]
[BlackElo "2440"]

1.e4 c5 2.Nf3 Nc6 3.Bb5 e6 4.O-O Nge7 5.b3 a6 6.Bxc6 Nxc6 7.Bb2 b6 8.d4 cxd4
9.Nxd4 Qf6 10.Bc3 Qg6 11.Nxc6 dxc6 12.Nd2 b5 13.Re1 Bb7 14.Nf3 Rd8 15.Qe2 Be7
16.Ba5 Rb8 17.Rad1 Qh5 18.Qd2 O-O 19.Qd7 Ba3 20.Rd3 c5 21.Bc7 Rbc8 22.Ne5 c4
23.bxc4 Bc5 24.cxb5 axb5 25.Rf3 f6 26.Qxe6+ Kh8 27.Rf5 Bxf2+ 28.Rxf2 Rxc7
29.Nd3 Re8 30.Qd6 Rce7 31.e5 Re6 32.Qb4 Qf7 33.Ref1 Bd5 34.exf6 gxf6 35.Qxb5 Re2
36.Qb6 R8e6 37.Qb4 Qg7 38.Qb5 Rxf2  1-0

[Event "Coca Cola op"]
[Site "Olanesti"]
[Date "1997.??.??"]
[Round "5"]
[White "Florescu, Codrut"]
[Black "Moldovan, Daniel"]
[Result "1/2-1/2"]
[WhiteElo "2390"]
[BlackElo "2445"]

1.e4 c5 2.Nf3 Nc6 3.Bb5 g6 4.O-O Bg7 5.c3 Nf6 6.Re1 O-O 7.d4 cxd4 8.cxd4 d5
9.e5 Ne4 10.Nc3 Nxc3 11.bxc3 Bg4 12.Bxc6 bxc6  1/2-1/2

[Event "After GP Mladi"]
[Site "Olomouc"]
[Date "1997.??.??"]
[Round "7"]
[White "Biolek, Richard"]
[Black "Oral, Tomas"]
[Result "0-1"]
[WhiteElo "2410"]
[BlackElo "2435"]

1.e4 c5 2.Nf3 Nc6 3.Bb5 e6 4.Bxc6 bxc6 5.d3 Ne7 6.b3 Ng6 7.h3 Be7 8.Bb2 O-O
9.O-O Qc7 10.Nbd2 e5 11.c3 Ba6 12.Qc2 Nf4 13.c4 d6 14.a3 Bc8 15.b4 Bxh3 16.gxh3 Qd7
17.Ne1 Qxh3 18.Ndf3 f5 19.Nh2 fxe4 20.dxe4 Rf6 21.f3 Raf8 22.Bc1 Rg6+ 23.Kh1 Nh5
24.Rg1 Ng3+ 25.Rxg3 Qxg3 26.Be3 Bg5 27.Bf2 Qh3 28.Qe2 Bf4 29.Bg1 Rff6 30.bxc5 Rxg1+
31.Kxg1 Rg6+ 32.Ng4 Rxg4+ 33.fxg4 Be3+  0-1

[Event "After GP Mladi"]
[Site "Olomouc"]
[Date "1997.??.??"]
[Round "9"]
[White "Oral, Tomas"]
[Black "Babula, Vlastimil"]
[Result "1-0"]
[WhiteElo "2435"]
[BlackElo "2545"]

1.e4 c5 2.Nf3 Nc6 3.Bb5 g6 4.O-O Bg7 5.c3 Nf6 6.Re1 O-O 7.d4 d5 8.e5 Ne4
9.Bxc6 bxc6 10.Nbd2 cxd4 11.cxd4 c5 12.dxc5 Nxc5 13.Nb3 Ne4 14.Bf4 f6 15.exf6 Bxf6
16.Bc7 Qd7 17.Be5 Bxe5 18.Nxe5 Qd6 19.Qd4 Nxf2 20.Rf1 Rf5 21.Rae1 Ne4 22.Rxf5 Bxf5
23.Rc1 Rc8 24.Rxc8+ Bxc8 25.Na5 Nc5 26.Nac6 Bb7 27.Qf2 Qe6 28.Nd8 Qf6 29.Qxc5 Qxe5
30.Qf2 Kg7 31.Qf7+ Kh6 32.Qf8+ Kh5 33.Qf3+  1-0

[Event "RUS-chT"]
[Site "Orel"]
[Date "1997.??.??"]
[Round "?"]
[White "Brodsky, Michail"]
[Black "Fominyh, Alexander"]
[Result "1/2-1/2"]
[WhiteElo "2515"]
[BlackElo "2545"]

1.e4 c5 2.Nf3 Nc6 3.Bb5 e6 4.O-O Nge7 5.Re1 Nd4 6.Nxd4 cxd4 7.d3 g6 8.c3 Nc6
9.Bxc6 dxc6 10.cxd4 Bg7 11.Nd2 Qxd4 12.Nf3 Qb6 13.Qa4 O-O 14.e5 Bd7 15.Bg5 h6
16.Be7 Rfe8 17.Qa3 Qb5 18.Re4 b6 19.Rb4  1/2-1/2

[Event "RUS-chT"]
[Site "Orel"]
[Date "1997.??.??"]
[Round "?"]
[White "Tarasov, Igor"]
[Black "Lopushnoy, Denis"]
[Result "0-1"]
[WhiteElo "2350"]
[BlackElo "2290"]

1.e4 c5 2.Nf3 Nc6 3.Bb5 g6 4.O-O Bg7 5.Re1 Nf6 6.e5 Nd5 7.Nc3 Nc7 8.Bxc6 dxc6
9.h3 O-O 10.d3 Ne6 11.a4 a5 12.Ng5 Nd4 13.Bf4 h6 14.Nge4 b6 15.Nd2 Be6 16.b3 Ra7
17.Nc4 Rd7 18.Ne2 Nf5 19.Ng3 Nh4 20.Qe2 g5 21.Bd2 Ng6 22.Bc3 Nf4 23.Qd1 f5
24.exf6 exf6 25.Nh5 Bd5 26.Ne3 Be6 27.Nxf4 gxf4 28.Ng4 Bd5 29.Bd2 Qc7 30.Qc1 Re7
31.Rxe7 Qxe7 32.Nh2 f5 33.Rb1 f3 34.c4 Bf7 35.Nxf3 Qd6 36.Ne1 Re8 37.Qd1 Be5
38.Qf3 Qf6 39.Bf4 Bc3 40.Nc2 Kh7 41.Bc7 Bg6 42.Bxb6 Qd6 43.d4 cxd4 44.c5 Qf6
45.Rd1 f4 46.Na3 Be4 47.Qe2 f3 48.Qc4 fxg2 49.Bc7 Qf3 50.Rxd4 Bxd4 51.Qxd4 Bd5
52.Nc2 Qe2  0-1

[Event "Orel"]
[Site "Orel"]
[Date "1997.??.??"]
[Round "?"]
[White "Komliakov, Viktor"]
[Black "Goloshchapov, Alexander"]
[Result "1/2-1/2"]
[WhiteElo "2460"]
[BlackElo "2455"]

1.e4 c5 2.Nf3 Nc6 3.Bb5 g6 4.Bxc6 dxc6 5.h3 e5 6.d3 Qe7 7.a4 Nf6 8.Na3 Bg7
9.Qd2 Nd7 10.Nc4 f6 11.a5 O-O 12.O-O Rd8 13.Nh2 Nf8  1/2-1/2

[Event "Orel"]
[Site "Orel"]
[Date "1997.??.??"]
[Round "?"]
[White "Komliakov, Viktor"]
[Black "Kalugin, Sergei"]
[Result "1/2-1/2"]
[WhiteElo "2460"]
[BlackElo "2255"]

1.e4 c5 2.Nf3 Nc6 3.Bb5 e6 4.Bxc6 bxc6 5.d3 f6 6.O-O d6 7.Nh4 g6 8.f4 Bg7
9.c4 Nh6 10.Nc3 f5 11.Nf3 O-O 12.Qe2 Nf7 13.exf5 exf5 14.Be3 Re8 15.Qf2 Rb8
16.Rfe1 Be6 17.Rac1 Rb7 18.b3 Qa5 19.Na4 Rbe7 20.Bd2 Qc7 21.Bc3 Bxc3 22.Nxc3 Nd8
23.Qh4 Kg7 24.Re2 Bf7 25.Rce1 Rxe2 26.Rxe2 Rxe2 27.Nxe2 Ne6 28.Qe1 d5 29.Qc3+ d4
30.Qd2 h6 31.g3 Qe7 32.h4 Nf8 33.Kf2 Nd7 34.Neg1 Be8  1/2-1/2

[Event "Orel"]
[Site "Orel"]
[Date "1997.??.??"]
[Round "?"]
[White "Komliakov, Viktor"]
[Black "Lunev, A."]
[Result "1/2-1/2"]
[WhiteElo "2460"]
[BlackElo "2400"]

1.e4 c5 2.Nf3 Nc6 3.Bb5 g6 4.Bxc6 dxc6 5.h3 Bg7 6.d3 Nf6 7.Nc3 O-O 8.Be3 b6
9.Qd2 Re8 10.Bf4 Nd7 11.Bh6 e5 12.Bxg7 Kxg7 13.Nh2 h6 14.Ng4 Qg5 15.Ne3 Qe7
16.Ne2 Nf8 17.h4 Ne6 18.h5 Rh8 19.O-O-O Nd4 20.hxg6 fxg6 21.c3 Nxe2+ 22.Qxe2 Be6
23.c4 Raf8 24.Rdf1 Rf7 25.Rh2 Rhf8 26.Qd2 Qg5 27.g3 Rf3 28.Rfh1 h5 29.Nf5+ Kf6
30.Ne3 Kf7 31.Kc2 Ke8 32.Qe2 Bg4 33.Qd2 R3f7 34.Nxg4 Qxg4 35.a3 Qd7 36.Rf1 Rf3
37.Re1 Qd4 38.Re3 R3f6 39.Qe2 Qd7 40.Qd2 Qd4 41.Qe2 b5 42.Kb1 Ke7 43.Ka2 a5
44.g4 h4 45.g5 Rf4 46.cxb5 cxb5 47.Qc2 Rxf2 48.Rxf2 Qxe3 49.Rh2 Qg1 50.Rg2 Qd4
51.Qb3 Rb8 52.Rh2 a4 53.Qc2 Rh8 54.Rh3 Qd6 55.Rf3 Rf8 56.Rxf8 Kxf8 57.Qf2+ Kg8
58.Qxh4 Qxd3 59.Qg4 Kf7 60.Qh4 Qc4+ 61.Ka1 Ke7 62.Qf2 Qxe4 63.Qxc5+ Ke6 64.Qc8+ Kd6
65.Qd8+ Kc5  1/2-1/2

[Event "RUS-chT"]
[Site "Orel"]
[Date "1997.??.??"]
[Round "?"]
[White "Makarov, Marat"]
[Black "Lopushnoy, Denis"]
[Result "1-0"]
[WhiteElo "2545"]
[BlackElo "2290"]

1.e4 c5 2.Nf3 Nc6 3.Bb5 g6 4.Bxc6 bxc6 5.O-O Bg7 6.Re1 Nh6 7.c3 O-O 8.d4 cxd4
9.cxd4 d5 10.e5 f6 11.exf6 exf6 12.h3 Nf7 13.Nc3 Re8 14.Rxe8+ Qxe8 15.Qa4 Be6
16.Bf4 Qd7 17.Re1 Bf8 18.Qa6 Nd6 19.Na4 Qc8 20.Nc5 Qxa6 21.Nxa6 Bc8 22.Nc7 Rb8
23.Ne8 Rxb2 24.Bxd6  1-0

[Event "Paris op"]
[Site "Paris"]
[Date "1997.??.??"]
[Round "?"]
[White "Shchekachev, Andrei"]
[Black "Temanlis, Yoel"]
[Result "1-0"]
[WhiteElo "2520"]
[BlackElo "2210"]

1.e4 c5 2.Nf3 Nc6 3.Bb5 Qc7 4.O-O e6 5.Re1 Nge7 6.b3 a6 7.Bf1 d6 8.Bb2 e5
9.c3 g6 10.d4 Bg7 11.h3 O-O 12.a4 cxd4 13.cxd4 d5 14.Qc1 dxe4 15.Rxe4 Bf5
16.Rh4 Bxb1 17.Rxb1 Nf5 18.Re4 exd4 19.Nxd4 Bh6 20.Qc2 Nfxd4 21.Bxd4 Rfe8
22.Rbe1 Rxe4 23.Rxe4 Rd8 24.Bf6 Rc8 25.Qd1 Bg7 26.Bg5 f6 27.Bf4 Ne5 28.Rc4 Qb8
29.Qd5+ Kh8 30.Rb4  1-0

[Event "Paris op"]
[Site "Paris"]
[Date "1997.??.??"]
[Round "?"]
[White "Chapu, Laurent"]
[Black "Degraeve, Jean Marc"]
[Result "0-1"]
[WhiteElo "2165"]
[BlackElo "2515"]

1.e4 c5 2.Nf3 Nc6 3.Bb5 g6 4.Bxc6 bxc6 5.O-O Bg7 6.c3 Nf6 7.Re1 O-O 8.d4 d5
9.exd5 cxd5 10.Ne5 Qb6 11.dxc5 Qxc5 12.Na3 Bb7 13.Be3 Qc7 14.Nd3 Ne4 15.f3 Nd6
16.Nc5 Nf5 17.Bf2 Bc6 18.Na6 Qb7 19.Nb4 e5 20.Nxc6 Qxc6 21.Nc2 a5 22.Qd2 Rad8
23.Rac1 Nd6 24.b3 f5 25.Ne3 Nb5 26.c4 dxc4 27.Qxa5 c3 28.Nc4 e4 29.a4 Nd4
30.Ne5 Qe6 31.Bxd4 Rxd4  0-1

[Event "Paris op"]
[Site "Paris"]
[Date "1997.??.??"]
[Round "?"]
[White "Shchekachev, Andrei"]
[Black "Troffiguer, Olivier"]
[Result "1-0"]
[WhiteElo "2520"]
[BlackElo "2170"]

1.e4 c5 2.Nf3 Nc6 3.Bb5 d6 4.O-O Bd7 5.c3 Nf6 6.Re1 a6 7.Bf1 e5 8.h3 Be7
9.d4 O-O 10.d5 Na7 11.a4 b5 12.b3 Qc7 13.Na3 Rab8 14.Bd3 Nc8 15.Bd2 Ne8 16.Qe2 c4
17.bxc4 bxa4 18.Be3 f5 19.exf5 Bxf5 20.Bxf5 Rxf5 21.Nc2 Rb3 22.Qd3 Qd7 23.Nd2 Rb7
24.Nb4 Bg5 25.Nc6 Bxe3 26.Rxe3 g6 27.Rxa4 Rb2 28.Rxa6 Qf7 29.Rf3 Rxd2 30.Qxd2 Rxf3
31.gxf3 Qxf3 32.Ra8 Qxh3 33.Qg5  1-0

[Event "RUS-Cup4"]
[Site "Perm"]
[Date "1997.??.??"]
[Round "1"]
[White "Khamatgaleev, Alexej"]
[Black "Sorokin, Maxim"]
[Result "1/2-1/2"]
[WhiteElo "2385"]
[BlackElo "2560"]

1.e4 c5 2.Nf3 Nc6 3.Bb5 g6 4.O-O Bg7 5.Re1 Nf6 6.e5 Nd5 7.Nc3 Nc7 8.Bxc6 dxc6
9.Ne4 b6 10.Nf6+ Bxf6 11.exf6 e6 12.d4 cxd4 13.Qxd4 Qxd4 14.Nxd4 Bb7 15.c4 c5
16.Ne2 O-O-O 17.Bf4 g5 18.Be5 h5 19.Nc3 Bc6 20.a3 Ne8 21.b4 Rh6 22.bxc5 Nxf6
23.cxb6 axb6 24.Rab1 Nd7 25.Nb5 Bxb5 26.Rxb5 Kb7 27.Bd4 e5 28.Bxe5 Re8 29.Bc3 Rxe1+
30.Bxe1 Nc5 31.Bb4 Kc6 32.a4 Nxa4 33.Rxg5 Nb2 34.Rf5 Nxc4 35.Rxf7 b5 36.g3 Ne5
37.Rf8 Nd3 38.Bd2 Rh7 39.Rb8 Nc5 40.Kg2 Re7 41.Rc8+ Kd5 42.Rd8+ Kc4 43.Rc8 Kd5
44.Rd8+  1/2-1/2

[Event "World op"]
[Site "Philadelphia"]
[Date "1997.??.??"]
[Round "5"]
[White "Shliperman, Igor"]
[Black "Karklins, Andrew"]
[Result "1-0"]
[WhiteElo "2410"]
[BlackElo "2355"]

1.e4 c5 2.Nf3 Nc6 3.Bb5 e5 4.O-O Nge7 5.a4 g6 6.Re1 Bg7 7.Nc3 O-O 8.Nd5 Nxd5
9.exd5 Ne7 10.Nxe5 d6 11.Nf3 Nxd5 12.d4 Bg4 13.h3 Bxf3 14.Qxf3 Nb4 15.Qb3 a6
16.Bf1 Nc6 17.dxc5 Nd4 18.Qd3 dxc5 19.Be3 c4 20.Qd1 Rc8 21.c3 Nb3 22.Ra3 b5
23.axb5 axb5 24.Ra7 Qxd1 25.Rxd1 b4 26.Ra4 bxc3 27.bxc3 Bxc3 28.Bxc4 Nc5
29.Ra7 Ne4 30.Ba2 Be5 31.Rdd7 Rfd8 32.Bxf7+ Kh8 33.g3 Rxd7 34.Rxd7 Rc7 35.Rxc7  1-0

[Event "Pinar del Rio"]
[Site "Pinar del Rio"]
[Date "1997.??.??"]
[Round "2"]
[White "Gonzalez, Roberto"]
[Black "Elissalt Cardenas, Hector"]
[Result "0-1"]
[WhiteElo "2385"]
[BlackElo "2410"]

1.e4 c5 2.Nf3 Nc6 3.Bb5 g6 4.O-O Bg7 5.Re1 Nf6 6.e5 Nd5 7.Nc3 Nc7 8.Bxc6 dxc6
9.Ne4 Ne6 10.d3 O-O 11.Be3 b6 12.Qd2 a5 13.a4 Ra7 14.Bh6 Nd4 15.Nxd4 Qxd4
16.Bxg7 Kxg7 17.Nc3 Bf5 18.b3 Rd8 19.Rad1 Rad7 20.Re3 c4 21.Ne2 Qc5 22.bxc4 Qxc4
23.Ng3 Be6 24.Ra1 h6 25.Ne4 Qd4 26.Nc3 Qc5 27.Ne2 Qb4 28.Qc1 Bd5 29.Rh3 Rh8
30.Rg3 Be6 31.Rb1 Qc5 32.Qb2 Rb8 33.h4 b5 34.h5 g5 35.Nf4 Rd4 36.Nxe6+ fxe6
37.c3 Rf4 38.d4 Qc4 39.axb5 Rxb5 40.Qc2 Rxb1+ 41.Qxb1 Rf5 42.Re3 g4 43.Qe4 Rxh5
44.Qxg4+ Rg5 45.Qe2 Qd5 46.Re4 Qb3 47.c4 a4 48.Re3 Qb1+ 49.Kh2 Qf5 50.g3 Rh5+
51.Kg1 a3 52.Qf1 a2 53.Re1 Qf3 54.Qg2 Qc3 55.Qf1 Qxd4 56.Ra1 Qe4 57.f3 Qe3+
58.Qf2 Rh1+  0-1

[Event "Pinar del Rio"]
[Site "Pinar del Rio"]
[Date "1997.??.??"]
[Round "10"]
[White "Burgos, Carlos"]
[Black "Elissalt Cardenas, Hector"]
[Result "0-1"]
[WhiteElo "2335"]
[BlackElo "2410"]

1.e4 c5 2.Nf3 Nc6 3.Bb5 g6 4.O-O Bg7 5.c3 Nf6 6.e5 Nd5 7.d4 cxd4 8.cxd4 O-O
9.Re1 d6 10.h3 dxe5 11.dxe5 Ndb4 12.Qe2 Bf5 13.Na3 Bd3 14.Bxd3 Qxd3 15.Bd2 Rad8
16.Bc3 Rd5 17.Nc4 Nc2 18.Qxd3 Rxd3 19.Red1 Rxf3 20.gxf3 Nxa1 21.Rxa1 b5 22.Na5 Nxa5
23.Bxa5 Bxe5 24.Rb1 Rc8 25.Re1 Bd6 26.Bc3 f6 27.a3 Bxa3 28.Bd4 Bb4 29.Re6 a5
30.Be3 Rc2 31.Rb6 Rxb2 32.Rxb5 a4 33.Kg2 Bc3 34.Rc5 Rb3 35.Rc7 a3 36.Ra7 Bb4
37.Bc1 Bc5 38.Ra5 Bd6 39.Ra6 Rc3 40.Be3 Rc2 41.f4 Kf7 42.Kf3 f5 43.h4 Ke6
44.Ra5 a2 45.Bd4 Rd2 46.Be5 Rd3+ 47.Kg2 Rc3  0-1